Statistics for States of Germany By First Two Letters

Click here to take the quiz!

General Stats

  • This quiz has been taken 43 times
  • The average score is 15 of 16

Answers on the Map

Answers color-coded by a green-red scale on the quiz's map according to % correct below.
 

Answer Stats

State% Correct
Baden-Württemberg
100%
Bavaria
100%
Berlin
97%
Saarland
97%
Saxony
97%
Saxony-Anhalt
97%
Brandenburg
94%
Bremen
94%
Hamburg
94%
Rhineland-Palatinate
91%
Hesse
89%
North Rhine-Westphalia
89%
Schleswig-Holstein
86%
Lower Saxony
83%
Mecklenburg-Vorpommern
83%
Thuringia
69%

Score Distribution

Percentile by Number Answered

Percent of People with Each Score

Your Score History

You have not taken this quiz